<?xml version="1.0" encoding="UTF-8"?>
<record
    xmlns:xsi="http://www.w3.org/2001/XMLSchema-instance"
    xsi:schemaLocation="http://www.loc.gov/MARC21/slim http://www.loc.gov/standards/marcxml/schema/MARC21slim.xsd"
    xmlns="http://www.loc.gov/MARC21/slim">

  <leader>00574nam a22001697a 4500</leader>
  <datafield tag="999" ind1=" " ind2=" ">
    <subfield code="c">57684</subfield>
    <subfield code="d">57684</subfield>
  </datafield>
  <controlfield tag="005">20200908121519.0</controlfield>
  <controlfield tag="008">200908b        xxu||||| |||| 00| 0 geo d</controlfield>
  <datafield tag="020" ind1=" " ind2=" ">
    <subfield code="a">9780999282946</subfield>
  </datafield>
  <datafield tag="080" ind1=" " ind2=" ">
    <subfield code="a">004.724.2 R-83</subfield>
  </datafield>
  <datafield tag="100" ind1=" " ind2=" ">
    <subfield code="a">Roughgarden, Tim </subfield>
    <subfield code="9">9434</subfield>
  </datafield>
  <datafield tag="245" ind1=" " ind2=" ">
    <subfield code="a">Algorithms Illuminated :</subfield>
    <subfield code="b">Part 3. Greedy Algorithms and Dynamic Programming /</subfield>
    <subfield code="c">Tim Roughgarden.</subfield>
  </datafield>
  <datafield tag="264" ind1=" " ind2=" ">
    <subfield code="a">New York :</subfield>
    <subfield code="b">Soundlikeyourself Publishing,</subfield>
    <subfield code="c">2019.</subfield>
  </datafield>
  <datafield tag="300" ind1=" " ind2=" ">
    <subfield code="a">217 p. </subfield>
    <subfield code="b">23 cm.</subfield>
  </datafield>
  <datafield tag="653" ind1=" " ind2=" ">
    <subfield code="a">&#x10D0;&#x10DA;&#x10D2;&#x10DD;&#x10E0;&#x10D8;&#x10D7;&#x10DB;&#x10D4;&#x10D1;&#x10D8;</subfield>
  </datafield>
  <datafield tag="653" ind1=" " ind2=" ">
    <subfield code="a">&#x10DE;&#x10E0;&#x10DD;&#x10D2;&#x10E0;&#x10D0;&#x10DB;&#x10D8;&#x10E0;&#x10D4;&#x10D1;&#x10D0;</subfield>
  </datafield>
  <datafield tag="942" ind1=" " ind2=" ">
    <subfield code="2">udc</subfield>
    <subfield code="c">BK</subfield>
  </datafield>
  <datafield tag="952" ind1=" " ind2=" ">
    <subfield code="0">0</subfield>
    <subfield code="1">0</subfield>
    <subfield code="2">udc</subfield>
    <subfield code="4">0</subfield>
    <subfield code="6">0047242_R83</subfield>
    <subfield code="7">0</subfield>
    <subfield code="9">89536</subfield>
    <subfield code="a">CPL</subfield>
    <subfield code="b">CPL</subfield>
    <subfield code="d">2020-09-08</subfield>
    <subfield code="e">53.86</subfield>
    <subfield code="o">004.724.2 R-83</subfield>
    <subfield code="p">61009</subfield>
    <subfield code="r">2020-09-08</subfield>
    <subfield code="t">61009</subfield>
    <subfield code="w">2020-09-08</subfield>
    <subfield code="y">BK</subfield>
    <subfield code="z">53 &#x10DA;. 86 &#x10D7;.</subfield>
  </datafield>
</record>
